[Event "Division Honor Aragonesa Grupo B"]
[Site "Aragon"]
[Date "2017.02.11"]
[Round "3.27"]
[White "Gimeno Oteo, Marco Antonio"]
[Black "Melendez Fierro, Juan Bautista"]
[Result "1-0"]
[WhiteElo "2071"]
[BlackElo "2134"]
[PlyCount "57"]
[EventDate "2017.01.28"]
[WhiteTeam "San Jose"]
[BlackTeam "El Olivar"]

1. e4 e6 2. b3 c5 3. Bb2 Nc6 4. Nf3 d5 5. exd5 exd5 6. Be2 d4 7. O-O Nf6 8. Bb5
Be7 9. Bxc6+ bxc6 10. Ne5 Qd5 11. Re1 Be6 12. Na3 O-O 13. Nac4 Rfe8 14. a4 Nd7
15. Ba3 f6 16. Nxd7 Bxd7 17. d3 Bf8 18. Qd2 Rxe1+ 19. Rxe1 Re8 20. h3 Rxe1+ 21.
Qxe1 g6 22. Qa5 Qe6 23. Kf1 g5 24. Qxa7 g4 25. hxg4 Qxg4 26. f3 Qf5 27. Qb8 Be6
28. a5 Bd5 29. Bxc5 1-0

[Event "Division Honor Aragonesa Grupo B"]
[Site "Aragon"]
[Date "2017.02.11"]
[Round "3.28"]
[White "Veras Sanz, Marino"]
[Black "Ruiz Casado, Francisco Javier"]
[Result "1-0"]
[WhiteElo "2044"]
[BlackElo "1970"]
[PlyCount "65"]
[EventDate "2017.01.28"]
[WhiteTeam "El Olivar"]
[BlackTeam "San Jose"]

1. d4 Nf6 2. Nf3 e6 3. c4 b6 4. a3 Bb7 5. Nc3 d5 6. cxd5 Nxd5 7. Qc2 Be7 8. e4
Nxc3 9. bxc3 Nd7 10. Bd3 c5 11. O-O Qc7 12. Qe2 O-O 13. e5 Rfd8 14. Ng5 Nf8 15.
Nf3 cxd4 16. cxd4 Qc3 17. Be3 Bxa3 18. Bd2 Bxf3 19. gxf3 Qb3 20. Bc4 Qa4 21.
Bc1 Rxd4 22. Bb5 Qb3 23. Rxa3 Qd5 24. Be3 Rb4 25. Bd3 Qxe5 26. Be4 Rd8 27. Rxa7
f5 28. Qe1 Rc4 29. Bxb6 Rb8 30. Bd3 Qxe1 31. Rxe1 Rc3 32. Bc7 Rc8 33. Be5 1-0

[Event "Division Honor Aragonesa Grupo B"]
[Site "Aragon"]
[Date "2017.02.11"]
[Round "3.29"]
[White "Salamero Pelay, Fernando"]
[Black "Cifuentes Parada, Roberto"]
[Result "0-1"]
[WhiteElo "2163"]
[BlackElo "2478"]
[PlyCount "70"]
[EventDate "2017.01.28"]
[WhiteTeam "Atletismo Huesca"]
[BlackTeam "Jaque"]

1. e4 c5 2. Nf3 e6 3. d4 cxd4 4. Nxd4 Nf6 5. Nc3 Nc6 6. Ndb5 d6 7. Bf4 e5 8.
Bg5 a6 9. Na3 Be6 10. Nc4 Rb8 11. Nd5 Bxd5 12. Bxf6 Qxf6 13. Qxd5 Nb4 14. Qd2
d5 15. exd5 Rd8 16. Ne3 Bc5 17. O-O-O Nxa2+ 18. Kb1 Nb4 19. Qc3 Bxe3 20. fxe3
Nxd5 21. Rxd5 Rxd5 22. Bc4 Rd7 23. Rf1 Qd6 24. Bxf7+ Kd8 25. Bh5 Rf8 26. Qa5+
Kc8 27. Qc3+ Rc7 28. Rxf8+ Qxf8 29. Qxe5 Qf1+ 30. Ka2 Qc4+ 31. Ka1 Qa4+ 32. Kb1
Qxc2+ 33. Ka1 Kb8 34. Bf3 Qc5 35. Qe4 Qc1+ 0-1

[Event "Division Honor Aragonesa Grupo B"]
[Site "Aragon"]
[Date "2017.02.11"]
[Round "3.30"]
[White "Gines Esteo, Pedro Antonio"]
[Black "Gella Lopez, Angel"]
[Result "1-0"]
[WhiteElo "2325"]
[BlackElo "2101"]
[PlyCount "105"]
[EventDate "2017.01.28"]
[WhiteTeam "Jaque"]
[BlackTeam "Atletismo Huesca"]

1. d4 Nf6 2. Nf3 e6 3. e3 d5 4. c4 Be7 5. b3 O-O 6. Bd3 b6 7. O-O Bb7 8. Bb2 c5
9. Nc3 Nbd7 10. cxd5 exd5 11. Rc1 Ne4 12. Qe2 Ndf6 13. Ba6 Qc8 14. Bxb7 Qxb7
15. Rfd1 Rfd8 16. dxc5 bxc5 17. Qb5 Qb6 18. Qe2 Rac8 19. Nxe4 Nxe4 20. Nd2 Qe6
21. Nxe4 dxe4 22. Ba3 Qe5 23. g3 Qf5 24. Kg2 h5 25. h3 Rd5 26. Rxd5 Qxd5 27.
Rd1 Qf5 28. Bb2 c4 29. bxc4 Rxc4 30. Bd4 Ra4 31. Rb1 Bc5 32. Bxc5 Qxc5 33. Rb8+
Kh7 34. Rb5 Rxa2 35. Rxc5 Rxe2 36. Rxh5+ Kg6 37. Re5 Ra2 38. Rxe4 a5 39. Re7 a4
40. Ra7 a3 41. Kf3 Ra1 42. h4 f6 43. Kf4 a2 44. g4 Kh6 45. g5+ fxg5+ 46. hxg5+
Kg6 47. e4 Kh5 48. Kf5 Kh4 49. Rxg7 Kh3 50. Ra7 Kg2 51. f4 Kg3 52. Ra3+ Kh4 53.
g6 1-0

[Event "Division Honor Aragonesa Grupo B"]
[Site "Aragon"]
[Date "2017.02.11"]
[Round "3.31"]
[White "Gella Bitrian, Diego"]
[Black "Gonzalez Gambau, Jorge"]
[Result "1/2-1/2"]
[WhiteElo "2000"]
[BlackElo "2105"]
[PlyCount "87"]
[EventDate "2017.01.28"]
[WhiteTeam "Atletismo Huesca"]
[BlackTeam "Jaque"]

1. e4 c6 2. d4 d5 3. exd5 cxd5 4. c4 Nf6 5. Nc3 Nc6 6. Nf3 Bg4 7. cxd5 Nxd5 8.
Qb3 Bxf3 9. gxf3 e6 10. Qxb7 Nxd4 11. Bb5+ Nxb5 12. Qc6+ Ke7 13. Qxb5 Qd7 14.
Nxd5+ Qxd5 15. Qxd5 exd5 16. Be3 Ke6 17. O-O Bb4 18. Rac1 Rhc8 19. a3 Bd6 20.
Rxc8 Rxc8 21. Bxa7 Be5 22. Re1 Kf5 23. Re2 Rc1+ 24. Kg2 Rb1 25. b4 Ra1 26. Re3
Bb2 27. b5 Bxa3 28. Bd4 Rd1 29. Rxa3 Rxd4 30. Rb3 Rc4 31. b6 Rc8 32. b7 Rb8 33.
Kg3 Ke5 34. Rb6 d4 35. f4+ Ke4 36. Rb4 Kd3 37. Kf3 Kc3 38. Rb6 d3 39. Rc6+ Kd2
40. Rc7 Ke1 41. Rc1+ Kd2 42. Rc7 Ke1 43. Rc1+ Kd2 44. Rc7 1/2-1/2

[Event "Division Honor Aragonesa Grupo B"]
[Site "Aragon"]
[Date "2017.02.11"]
[Round "3.32"]
[White "Ereza Vizcarra, Fernando"]
[Black "Laplaza Ara, Carlos"]
[Result "1-0"]
[WhiteElo "1981"]
[BlackElo "1957"]
[PlyCount "81"]
[EventDate "2017.01.28"]
[WhiteTeam "Jaque"]
[BlackTeam "Atletismo Huesca"]

1. d4 d5 2. Nf3 Nf6 3. Bf4 Bf5 4. c4 c6 5. Qb3 Qb6 6. c5 Qxb3 7. axb3 Bxb1 8.
Rxb1 Nbd7 9. h3 g6 10. e3 Bg7 11. b4 a6 12. Bd3 O-O 13. O-O Rfe8 14. Bh2 Ne4
15. Bxe4 dxe4 16. Nd2 Nf6 17. Rfd1 Rad8 18. Bg3 h6 19. Kf1 Nd5 20. Nxe4 Nxb4
21. Rbc1 f5 22. Nd2 Nd5 23. Nc4 g5 24. Be5 Bxe5 25. Nxe5 Kg7 26. Rd3 e6 27. Ke2
Nc7 28. Kd2 Nb5 29. Rd1 Kf6 30. Ke2 h5 31. Rh1 Rh8 32. f3 f4 33. h4 Rhg8 34.
hxg5+ Rxg5 35. exf4 Rxg2+ 36. Kf1 Rxb2 37. Rxh5 Rxd4 38. Rxd4 Nxd4 39. Rh7 Rb1+
40. Kg2 Rb2+ 41. Kh3 1-0

[Event "Preferente Aragonesa Grupo A"]
[Site "?"]
[Date "2017.02.11"]
[Round "3.33"]
[White "Felez Casedas, Carlos"]
[Black "Roque Sola, Gisela"]
[Result "0-1"]
[WhiteElo "2003"]
[BlackElo "2061"]
[PlyCount "32"]
[EventDate "2017.01.28"]
[WhiteTeam "L'Aurora Estadilla B"]
[BlackTeam "St. Casablanca C"]

1. Nf3 c5 2. e4 e6 3. c3 d5 4. exd5 Qxd5 5. d4 Nc6 6. Be3 cxd4 7. Nxd4 e5 8.
Nxc6 Qxd1+ 9. Kxd1 bxc6 10. Bc4 Bd6 11. Ke2 Nf6 12. Rd1 Be7 13. h3 Bb7 14. Nd2
Nd5 15. Ne4 f5 16. Nc5 Nxe3 0-1

[Event "Preferente Aragonesa Grupo A"]
[Site "?"]
[Date "2017.02.11"]
[Round "3.34"]
[White "Rodes Apilluelo, Jose Maria"]
[Black "Pellicer Cemeli, Jose Luis"]
[Result "0-1"]
[WhiteElo "2016"]
[BlackElo "1967"]
[PlyCount "120"]
[EventDate "2017.01.28"]
[WhiteTeam "St. Casablanca C"]
[BlackTeam "L'Aurora Estadilla B"]

1. e4 e6 2. d3 d5 3. Nd2 Nf6 4. Ngf3 c5 5. g3 Nc6 6. Bg2 Be7 7. O-O O-O 8. Re1
d4 9. Nc4 b5 10. Nce5 Bb7 11. Nxc6 Bxc6 12. Ne5 Bb7 13. a4 a6 14. axb5 axb5 15.
Rxa8 Bxa8 16. Bd2 Nd7 17. f4 Nxe5 18. fxe5 Bg5 19. h4 Bxd2 20. Qxd2 Qc7 21. Qf4
c4 22. Bf1 c3 23. b3 Bc6 24. Bh3 Ra8 25. Rf1 Qe7 26. Qf2 Ra2 27. Qxd4 Rxc2 28.
Rf2 Rxf2 29. Qxf2 Be8 30. Bg4 Qc7 31. Bd1 Qxe5 32. Bc2 Qd6 33. Kh2 e5 34. Qa7
b4 35. Kg2 Kf8 36. Qf2 Bb5 37. Qe3 Qd4 38. Kf3 Qxe3+ 39. Kxe3 Ke7 40. d4 Ke6
41. d5+ Kd6 42. g4 h6 43. g5 hxg5 44. hxg5 Ke7 45. Bd1 Bf1 46. Bc2 Bb5 47. Bd1
f6 48. gxf6+ Kxf6 49. Bc2 Kg5 50. Kf3 Kh4 51. Ke3 g5 52. Bd3 Bd7 53. Kf2 g4 54.
Bc2 g3+ 55. Kg2 Kg4 56. Bd1+ Kf4 57. Bc2 Ke3 58. Kxg3 Kd2 59. Bb1 c2 60. Bxc2
Kxc2 0-1

[Event "Preferente Aragonesa Grupo A"]
[Site "?"]
[Date "2017.02.11"]
[Round "3.35"]
[White "Fuentes Espuna, Juan Antonio"]
[Black "Antonano Fedz-Quincoces, Aveli"]
[Result "0-1"]
[WhiteElo "1962"]
[BlackElo "1949"]
[PlyCount "98"]
[EventDate "2017.01.28"]
[WhiteTeam "L'Aurora Estadilla B"]
[BlackTeam "St. Casablanca C"]

1. d4 g6 2. c4 Bg7 3. Nc3 c5 4. Nf3 cxd4 5. Nxd4 Nc6 6. Nxc6 bxc6 7. Qc2 Nf6 8.
Bf4 O-O 9. e3 d5 10. Bd3 Ba6 11. O-O dxc4 12. Be2 Nd5 13. Rfd1 Qa5 14. Nxd5
cxd5 15. Rac1 Rac8 16. Bf3 Rfd8 17. a3 Qb5 18. Rb1 e5 19. Bg5 Rd7 20. e4 d4 21.
Bg4 d3 22. Qd2 f5 23. exf5 Rd4 24. Bh3 Rc6 25. fxg6 hxg6 26. Be7 Bc8 27. Bxc8
Rxc8 28. Qg5 Qd7 29. Bb4 Rg4 30. Qe3 Qd5 31. Qh3 Qd7 32. Bc3 Rd4 33. Bxd4 Qxh3
34. gxh3 exd4 35. Rbc1 Bh6 36. Rxc4 Rxc4 37. Rxd3 Bg7 38. Kg2 Kf7 39. Kf3 Ke6
40. Ke4 Rc2 41. Rg3 Rxb2 42. Rxg6+ Bf6 43. f4 Re2+ 44. Kd3 Re3+ 45. Kd2 Rxa3
46. Rg8 Rxh3 47. Rg2 a5 48. Kd1 a4 49. Ra2 a3 0-1

[Event "Preferente Aragonesa Grupo A"]
[Site "?"]
[Date "2017.02.11"]
[Round "3.36"]
[White "Alvarez Gonzalo, Miguel Angel"]
[Black "Puertolas Serena, Arturo"]
[Result "0-1"]
[WhiteElo "1860"]
[BlackElo "1832"]
[PlyCount "116"]
[EventDate "2017.01.28"]
[WhiteTeam "St. Casablanca C"]
[BlackTeam "L'Aurora Estadilla B"]

1. c4 e5 2. g3 Nc6 3. Bg2 f5 4. Nc3 Nf6 5. d3 Bb4 6. Bd2 O-O 7. a3 Bxc3 8. Bxc3
d6 9. e3 Be6 10. Ne2 Qe8 11. O-O Qh5 12. Nc1 Qh6 13. Bd2 g5 14. f4 gxf4 15.
exf4 Qg6 16. b3 Rab8 17. Ne2 Ng4 18. h3 Nf6 19. Qe1 Rfe8 20. Qf2 e4 21. d4 d5
22. Rac1 Rbd8 23. c5 Re7 24. b4 Rg7 25. Rc3 Nh5 26. Rfc1 Bd7 27. Re3 Ne7 28.
Be1 Bb5 29. Nc3 Bc4 30. Bf1 Bxf1 31. Kxf1 Qa6+ 32. Qe2 Qh6 33. Qf2 Kh8 34. Ne2
Rdg8 35. Rcc3 Ng6 36. Qh2 Nf6 37. h4 Ng4 38. Qh3 Nxe3+ 39. Rxe3 Ne7 40. Bf2 Rg4
41. Ke1 Qa6 42. Rc3 Qe6 43. Re3 R8g7 44. Kd2 Ng8 45. Rc3 Nf6 46. Re3 R4g6 47.
Rc3 Ng4 48. Be1 e3+ 49. Kc1 Qe4 50. Qf1 Re6 51. Rc2 Nh2 52. Qh3 Nf3 53. Bc3 Nd2
54. Kb2 Nc4+ 55. Kb3 Ra6 56. a4 Rxa4 57. Bb2 Rxb4+ 58. Kxb4 Qxc2 0-1

[Event "Preferente Aragonesa Grupo A"]
[Site "?"]
[Date "2017.02.11"]
[Round "3.37"]
[White "Lacruz Algarate, Alvaro"]
[Black "Malo Guillen, Jose Luis"]
[Result "1/2-1/2"]
[WhiteElo "2121"]
[BlackElo "2118"]
[PlyCount "84"]
[EventDate "2017.01.28"]
[WhiteTeam "Monsalud"]
[BlackTeam "Las Fuentes"]

1. e4 e5 2. Nf3 Nc6 3. Bc4 Bc5 4. c3 Nf6 5. d4 exd4 6. cxd4 Bb4+ 7. Bd2 Nxe4 8.
Bxb4 Nxb4 9. Bxf7+ Kxf7 10. Qb3+ Kf8 11. Qxb4+ Qe7 12. Qxe7+ Kxe7 13. O-O Kd8
14. Re1 Nf6 15. Nc3 d6 16. Rac1 a6 17. Ne4 Bg4 18. Nfg5 Kd7 19. Nxf6+ gxf6 20.
Ne4 Rhf8 21. f3 Be6 22. Nc3 Rae8 23. Kf2 c6 24. Re4 Bf5 25. Rf4 Bg6 26. g4 f5
27. g5 Re7 28. Ne2 h6 29. gxh6 Rh7 30. Ng3 Rxh6 31. h4 b5 32. b4 Rfh8 33. Rh1
Rf8 34. h5 Bh7 35. Rc1 Rc8 36. a3 a5 37. bxa5 Ra8 38. Rc3 Rxa5 39. Ke3 Re6+ 40.
Kf2 Rh6 41. Re3 Rf6 42. Rc3 Rh6 1/2-1/2

[Event "Preferente Aragonesa Grupo A"]
[Site "?"]
[Date "2017.02.11"]
[Round "3.38"]
[White "Mombiela De Sus, Jose Luis"]
[Black "Soriano Gracia, Manuel"]
[Result "1-0"]
[WhiteElo "1911"]
[BlackElo "1984"]
[PlyCount "69"]
[EventDate "2017.01.28"]
[WhiteTeam "Las Fuentes"]
[BlackTeam "Monsalud"]

1. Nf3 d5 2. g3 Bf5 3. Bg2 Nd7 4. O-O Ngf6 5. d3 h6 6. Nbd2 e6 7. Qe1 Bc5 8. e4
Bh7 9. e5 Ng8 10. Qe2 Ne7 11. Nb3 Bb6 12. a4 c6 13. a5 Bc7 14. h4 Ng6 15. d4
Ne7 16. Bd2 Bxc2 17. Ra3 Be4 18. a6 b6 19. Rc1 Rc8 20. Be3 Bb8 21. Nbd2 Bxf3
22. Nxf3 c5 23. Rac3 c4 24. h5 b5 25. b4 Nc6 26. Nh4 Nb6 27. Qg4 Kf8 28. f4 Qd7
29. Rf1 Ne7 30. f5 exf5 31. Nxf5 Rg8 32. Bc1 Nxf5 33. Rxf5 g6 34. hxg6 Rxg6 35.
Qxg6 1-0

[Event "Preferente Aragonesa Grupo A"]
[Site "?"]
[Date "2017.02.11"]
[Round "3.39"]
[White "Miranda Garcia, Eduardo"]
[Black "Morato Garcia, Jesus"]
[Result "1-0"]
[WhiteElo "1844"]
[BlackElo "1909"]
[PlyCount "87"]
[EventDate "2017.01.28"]
[WhiteTeam "Monsalud"]
[BlackTeam "Las Fuentes"]

1. e4 d6 2. d4 Nf6 3. Nc3 e5 4. dxe5 dxe5 5. Qxd8+ Kxd8 6. Bg5 h6 7. Bh4 g5 8.
Bg3 Bd6 9. Bc4 Be6 10. Bxe6 fxe6 11. O-O-O Ke7 12. f3 Nbd7 13. Nge2 a6 14. a3
b5 15. Kb1 b4 16. axb4 Bxb4 17. Bf2 Rhb8 18. Na4 Rb7 19. c3 Bd6 20. Kc2 Rab8
21. Rb1 c5 22. b3 Rc8 23. c4 Nb8 24. Rhd1 Nc6 25. Kc3 Nd4 26. Nxd4 exd4+ 27.
Kc2 Rf8 28. e5 Bxe5 29. Nxc5 Rc7 30. Nxa6 Rd7 31. Nc5 Rdd8 32. Nd3 Bc7 33. b4
e5 34. Re1 Nd7 35. Bxd4 Kf6 36. Bc3 Rfe8 37. f4 gxf4 38. Nxf4 Kf7 39. Nd5 Bb8
40. Re2 Rc8 41. Kb3 Re6 42. Rf1+ Kg8 43. Ref2 Rec6 44. Ne7+ 1-0

[Event "Preferente Aragonesa Grupo A"]
[Site "?"]
[Date "2017.02.11"]
[Round "3.40"]
[White "Javierre Conesa, Alfonso"]
[Black "Miranda Herrera, Jorge Manuel"]
[Result "1-0"]
[WhiteElo "1906"]
[BlackElo "1780"]
[PlyCount "59"]
[EventDate "2017.01.28"]
[WhiteTeam "Las Fuentes"]
[BlackTeam "Monsalud"]

1. d4 d5 2. c4 c6 3. Nf3 Nf6 4. Nc3 g6 5. Bf4 dxc4 6. a4 Nd5 7. Be5 f6 8. Bg3
Qb6 9. Qc2 Nb4 10. Qd1 Bh6 11. e4 Nd3+ 12. Bxd3 cxd3 13. Qxd3 Na6 14. O-O Be6
15. d5 Nb4 16. Qc4 cxd5 17. exd5 Rc8 18. Qh4 Nxd5 19. Nxd5 Bxd5 20. Qxh6 Kf7
21. Rfe1 Qxb2 22. Qe3 e5 23. Qxa7 h5 24. h4 Rc3 25. Rab1 Qa3 26. Re3 Rhc8 27.
Rbe1 Rxe3 28. fxe3 Rc2 29. Rf1 Rc4 30. Nxe5+ 1-0

[Event "Preferente Aragonesa Grupo A"]
[Site "?"]
[Date "2017.02.11"]
[Round "3.41"]
[White "Colas Longares, Rafael P"]
[Black "Larrosa Poves, Jose Manuel"]
[Result "1-0"]
[WhiteElo "2318"]
[BlackElo "1978"]
[PlyCount "53"]
[EventDate "2017.01.28"]
[WhiteTeam "SMA Barbastro"]
[BlackTeam "Agrupacion C"]

1. e4 c5 2. Nc3 Nc6 3. g3 g6 4. Bg2 Bg7 5. d3 d6 6. f4 e6 7. Nf3 Nge7 8. O-O a6
9. Be3 Nd4 10. Rb1 Qc7 11. Ne2 Nec6 12. c3 Nxf3+ 13. Bxf3 e5 14. d4 cxd4 15.
cxd4 exd4 16. Nxd4 Qb6 17. Nf5 Qc7 18. Nxg7+ Kf8 19. Nh5 gxh5 20. Bxh5 Be6 21.
b3 Rd8 22. Qd2 f5 23. exf5 Bxf5 24. Rbc1 Qg7 25. Bb6 Rd7 26. Rfe1 Ne7 27. Rc8+
1-0

[Event "Preferente Aragonesa Grupo A"]
[Site "?"]
[Date "2017.02.11"]
[Round "3.42"]
[White "Lopez Guaita, Fernando"]
[Black "Lafarga Santorroman, David"]
[Result "0-1"]
[WhiteElo "1925"]
[BlackElo "2200"]
[PlyCount "100"]
[EventDate "2017.01.28"]
[WhiteTeam "Agrupacion C"]
[BlackTeam "SMA Barbastro"]

1. d4 Nf6 2. Bf4 e6 3. e3 c5 4. c3 Nc6 5. h3 d5 6. Bd3 Bd6 7. Bxd6 Qxd6 8. Nf3
O-O 9. Nbd2 e5 10. dxe5 Nxe5 11. Nxe5 Qxe5 12. O-O b6 13. Qf3 Bb7 14. Qf5 Qxf5
15. Bxf5 g6 16. Bc2 Rfd8 17. Nf3 Rd6 18. b4 Rc8 19. Bd3 Ne4 20. Rfc1 Rdc6 21.
b5 Rd6 22. a4 Re8 23. a5 Kg7 24. axb6 axb6 25. Ra7 Rd7 26. Bxe4 dxe4 27. Nd2
Rxd2 28. Rxb7 Re6 29. f4 exf3 30. gxf3 Rxe3 31. Rxb6 Rxf3 32. Rb7 Rg3+ 33. Kh1
Rxh3+ 34. Kg1 Rhh2 35. Rc7 Rdg2+ 36. Kf1 Rb2 37. Kg1 Rhg2+ 38. Kh1 c4 39. Rxc4
Rg5 40. Rc7 Rbxb5 41. Rf1 Rh5+ 42. Kg2 Rbg5+ 43. Kf2 Rc5 44. Rxc5 Rxc5 45. Rc1
Kf6 46. Ke3 Ke5 47. Kd3 f5 48. Re1+ Kd6 49. c4 f4 50. Re8 Rf5 0-1

[Event "Preferente Aragonesa Grupo A"]
[Site "?"]
[Date "2017.02.11"]
[Round "3.43"]
[White "Garcia Vicente, Nieves"]
[Black "Moreno Martin-Viveros, Alvaro"]
[Result "0-1"]
[WhiteElo "2172"]
[BlackElo "1881"]
[PlyCount "66"]
[EventDate "2017.01.28"]
[WhiteTeam "SMA Barbastro"]
[BlackTeam "Agrupacion C"]

1. d4 Nf6 2. c4 e6 3. Nf3 d5 4. Nc3 Be7 5. Bg5 O-O 6. e3 h6 7. Bxf6 Bxf6 8. Qd2
b6 9. O-O-O Bb7 10. cxd5 exd5 11. Be2 Nd7 12. Kb1 Qe7 13. h4 g6 14. Qc2 c5 15.
h5 g5 16. Bd3 Rfd8 17. Bf5 Nf8 18. Rhe1 Bg7 19. Ne2 Bc8 20. Ng3 Be6 21. Ne5
Rac8 22. Qa4 Rc7 23. Bd3 Qf6 24. Rd2 Nd7 25. Nxd7 Bxd7 26. Bb5 Bc8 27. Bd3 a6
28. Qd1 Kh8 29. Bf1 cxd4 30. exd4 Qf4 31. Re3 Bg4 32. Qa4 Be6 33. a3 b5 {tiempo
} 0-1

[Event "Preferente Aragonesa Grupo A"]
[Site "?"]
[Date "2017.02.11"]
[Round "3.44"]
[White "Serrat Claver, David"]
[Black "Andreu Sin, Raul"]
[Result "0-1"]
[WhiteElo "1849"]
[BlackElo "2032"]
[PlyCount "77"]
[EventDate "2017.01.28"]
[WhiteTeam "Agrupacion C"]
[BlackTeam "SMA Barbastro"]

1. e4 e5 2. Nf3 Nc6 3. d4 exd4 4. Nxd4 d6 5. Nc3 Nf6 6. Nxc6 bxc6 7. Bd3 Be7 8.
h3 O-O 9. O-O Re8 10. Qf3 Nd7 11. Bf4 Bf6 12. Rab1 Rb8 13. Rfd1 Be5 14. Qe3
Bxf4 15. Qxf4 Ne5 16. Bf1 Re6 17. Ne2 Qe8 18. Ng3 Rf6 19. Qe3 c5 20. b4 cxb4
21. a3 c5 22. axb4 cxb4 23. Qxa7 Rb7 24. Qe3 Nc6 25. Bc4 Rc7 26. Bb5 Bd7 27.
Qb6 Rc8 28. Bxc6 Rxc6 29. Qxb4 Rxc2 30. Rd2 Rxd2 31. Qxd2 g6 32. Rb6 Qe5 33.
Qd5 Qa1+ 34. Nf1 Qa7 35. e5 Qxb6 36. exf6 Qc6 37. Qd4 Bc8 38. Qf4 Bb7 39. Ne3 {
tiempo} 0-1

[Event "Preferente Aragonesa Grupo A"]
[Site "?"]
[Date "2017.02.11"]
[Round "3.46"]
[White "Bayod Rubia, Angel"]
[Black "Garreta Crespo, Blas"]
[Result "1-0"]
[WhiteElo "2014"]
[BlackElo "1801"]
[PlyCount "99"]
[EventDate "2017.01.28"]
[WhiteTeam "El Olivar B"]
[BlackTeam "Monzon"]

1. e4 c6 2. d4 d5 3. e5 Bf5 4. Nf3 e6 5. Be2 Nd7 6. O-O h6 7. b3 Ne7 8. Ba3 Ng6
9. Bxf8 Ndxf8 10. Qd2 Nh4 11. c4 Nxf3+ 12. Bxf3 Ng6 13. g3 dxc4 14. bxc4 Bxb1
15. Raxb1 Nxe5 16. Be2 b5 17. cxb5 cxb5 18. Bxb5+ Nd7 19. Qb4 a5 20. Qd6 Qe7
21. Qc7 Rd8 22. Bc6 h5 23. h4 g5 24. hxg5 h4 25. Qe5 Rh5 26. gxh4 Rxh4 27. f4
Kf8 28. Qxa5 Nb8 29. Bg2 Kg7 30. Qe5+ f6 31. gxf6+ Qxf6 32. Rb7+ Nd7 33. Qd6
Qf7 34. f5 exf5 35. Re1 Rh6 36. Qe7 Qxe7 37. Rxe7+ Kf6 38. Rexd7 Rxd7 39. Rxd7
Rh4 40. a4 Ke6 41. Rd8 Ke7 42. Rd5 Ke6 43. a5 Rg4 44. Rd8 f4 45. Kf2 Rg5 46. a6
Ra5 47. Bb7 Ke7 48. Rh8 Ra3 49. Rh4 f3 50. Rf4 1-0

[Event "Preferente Aragonesa Grupo A"]
[Site "?"]
[Date "2017.02.11"]
[Round "3.47"]
[White "Hidalgo Gracia, Andres"]
[Black "Labrador Postigo, Francisco M"]
[Result "1-0"]
[WhiteElo "1797"]
[BlackElo "1904"]
[PlyCount "49"]
[EventDate "2017.01.28"]
[WhiteTeam "Monzon"]
[BlackTeam "El Olivar B"]

1. c4 c5 2. Nf3 Nf6 3. g3 b6 4. Bg2 Bb7 5. O-O e6 6. Nc3 Be7 7. e3 O-O 8. d4
cxd4 9. exd4 d6 10. b3 Nbd7 11. Ba3 a6 12. Bb2 Rc8 13. Rc1 Rc7 14. Re1 Re8 15.
Qd2 Qa8 16. Nh4 Bxg2 17. Nxg2 e5 18. dxe5 Nxe5 19. Nh4 Rc5 20. Na4 Nfg4 21. f4
Bxh4 22. fxe5 Rcxe5 23. gxh4 Re3 24. Rxe3 Rxe3 25. Bd4 1-0

[Event "Preferente Aragonesa Grupo A"]
[Site "?"]
[Date "2017.02.11"]
[Round "3.48"]
[White "Arinez Bruna, Octavio"]
[Black "Arrieta Restrepo, Steven"]
[Result "1-0"]
[WhiteElo "1890"]
[BlackElo "1601"]
[PlyCount "67"]
[EventDate "2017.01.28"]
[WhiteTeam "El Olivar B"]
[BlackTeam "Monzon"]

1. c4 e5 2. g3 Nf6 3. Nc3 d5 4. cxd5 Nxd5 5. Bg2 Nxc3 6. bxc3 Bd6 7. Nf3 O-O 8.
O-O Nc6 9. d4 Re8 10. Re1 Bg4 11. Rb1 Rb8 12. Qa4 Bxf3 13. Bxf3 e4 14. Bg2 f5
15. Rb5 Qc8 16. Bh3 Rf8 17. Ba3 a6 18. Qb3+ Kh8 19. Bxd6 cxd6 20. Rb6 Qc7 21.
Rb1 g6 22. Rxb7 Rxb7 23. Qxb7 Qxb7 24. Rxb7 Rb8 25. Rxb8+ Nxb8 26. g4 f4 27. g5
Kg7 28. Bc8 a5 29. Kg2 h6 30. gxh6+ Kxh6 31. Bb7 Kg5 32. Bxe4 Nd7 33. c4 Nf6
34. Kf3 1-0

[Event "Preferente Aragonesa Grupo A"]
[Site "?"]
[Date "2017.02.11"]
[Round "3.49"]
[White "Delgado Crespo, Mairelys"]
[Black "Vallverdu Miret, Oscar"]
[Result "1/2-1/2"]
[WhiteElo "2261"]
[BlackElo "2071"]
[PlyCount "40"]
[EventDate "2017.01.28"]
[WhiteTeam "Jaime Casas B"]
[BlackTeam "Fraga"]

1. e4 c6 2. d4 d5 3. e5 c5 4. c3 Nc6 5. Nf3 Bg4 6. Be2 e6 7. O-O Nge7 8. Na3
Nf5 9. Nc2 Bxf3 10. Bxf3 cxd4 11. Nxd4 Nfxd4 12. cxd4 Be7 13. Be3 O-O 14. Be2
Qb6 15. Qd2 Rac8 16. Rfc1 Rc7 17. a3 Rfc8 18. Rc3 Na5 19. Rxc7 Rxc7 20. Rf1 Nc4
1/2-1/2

[Event "Preferente Aragonesa Grupo A"]
[Site "?"]
[Date "2017.02.11"]
[Round "3.50"]
[White "Aribau Rivas, Miguel Angel"]
[Black "Fontana Sotomayor, Luis Javier"]
[Result "0-1"]
[WhiteElo "2030"]
[BlackElo "2251"]
[PlyCount "104"]
[EventDate "2017.01.28"]
[WhiteTeam "Fraga"]
[BlackTeam "Jaime Casas B"]

1. e4 c6 2. d4 d5 3. Nd2 dxe4 4. Nxe4 Bf5 5. Ng3 Bg6 6. Nf3 Nd7 7. Bd3 Bxd3 8.
Qxd3 e6 9. Bd2 Ngf6 10. O-O Be7 11. Rfe1 O-O 12. Rad1 Re8 13. c4 c5 14. Bc3
cxd4 15. Bxd4 Qc7 16. b3 Rad8 17. Qc3 a5 18. Qb2 Bb4 19. Bc3 Bxc3 20. Qxc3 Nd5
21. Qb2 Nf4 22. Ne2 Nc5 23. Nxf4 Qxf4 24. Qc2 f5 25. Rxd8 Rxd8 26. Rd1 Rd6 27.
g3 Qe4 28. Qxe4 Rxd1+ 29. Qe1 Rxe1+ 30. Nxe1 a4 31. b4 Ne4 32. Nd3 Nc3 33. Nc1
e5 34. f3 Kf7 35. Kf1 e4 36. Kf2 Ke6 37. Ke3 Nd1+ 38. Kd2 Nb2 39. fxe4 Nxc4+
40. Kc3 Nd6 41. exf5+ Kd5 42. Nd3 Nxf5 43. b5 Ne3 44. Kb4 Nf1 45. Nc5 Nxh2 46.
Nxb7 Nf1 47. Nd8 Nxg3 48. b6 Kd6 49. Kb5 Ne4 50. Ka6 Kd7 51. Ka7 Nd6 52. Nf7
Nxf7 0-1

[Event "Preferente Aragonesa Grupo A"]
[Site "?"]
[Date "2017.02.11"]
[Round "3.51"]
[White "Rodriguez Leiva, Manuel"]
[Black "Casas Chine, German"]
[Result "0-1"]
[WhiteElo "1974"]
[BlackElo "1807"]
[PlyCount "102"]
[EventDate "2017.01.28"]
[WhiteTeam "Jaime Casas B"]
[BlackTeam "Fraga"]

1. c4 g6 2. Nc3 Bg7 3. d4 Nf6 4. e4 d6 5. g3 O-O 6. Bg2 e5 7. dxe5 dxe5 8. Qxd8
Rxd8 9. Bg5 c6 10. Nge2 Be6 11. b3 h6 12. Be3 Ng4 13. Bc5 Na6 14. Ba3 Bf8 15.
Bxf8 Kxf8 16. O-O Rd2 17. Rad1 Rad8 18. h3 Nf6 19. Rxd2 Rxd2 20. Rd1 Rxd1+ 21.
Nxd1 Nb4 22. Nec3 Nd7 23. Kh2 Nc2 24. f4 f6 25. Kg1 Ne1 26. Bf1 Nf3+ 27. Kf2
Nd4 28. Ne3 Nc5 29. fxe5 fxe5 30. b4 Nd7 31. c5 a5 32. a3 axb4 33. axb4 b5 34.
g4 Nf6 35. Bd3 Ke7 36. Nc2 Nxc2 37. Bxc2 Nd7 38. Bd3 Nb8 39. Nxb5 cxb5 40. Bxb5
Bd7 41. Bc4 Be6 42. Bxe6 Kxe6 43. b5 Nd7 44. c6 Nb6 45. Ke3 Kd6 46. c7 Kc5 47.
Kd3 Kxb5 48. Kc3 Kc6 49. Kb4 Nc8 50. Kc4 Nd6+ 51. Kb4 g5 0-1